logo

Bir Sreshtho Munshi Abdur Rouf Library
Jhenaidah Cadet College

Through the glass of Soviet literature : (Record no. 9295)

MARC details
000 -LEADER
fixed length control field 01078cam a2200301 4500
001 - CONTROL NUMBER
JCCL Control Number 9295
003 - CONTROL NUMBER IDENTIFIER
JCCL marc code BD-JhCC
005 - DATE AND TIME OF LATEST TRANSACTION
control field 20180319083542.0
008 - FIXED-LENGTH DATA ELEMENTS--GENERAL INFORMATION
fixed length control field 720223r1972 nyu b 001 0 eng
020 ## - INTERNATIONAL STANDARD BOOK NUMBER
International Standard Book Number 083692827X
035 ## - SYSTEM CONTROL NUMBER
system control number (BD-JhCC)9295
040 ## - CATALOGING SOURCE
Original cataloging agency DLC
Transcribing agency DLC
Modifying agency DLC
-- BD-JhCC
041 ## - LANGUAGE CODE
Language code of Book eng
050 10 - LIBRARY OF CONGRESS CALL NUMBER
Classification number PG3022
Item number .S5 1972
082 00 - DEWEY DECIMAL CLASSIFICATION NUMBER
Classification number 891.7/09/0044
Author mark and Year SIM 1972
100 1# - MAIN ENTRY--PERSONAL NAME
Personal name Simmons, Ernest J.
Fuller form of name (Ernest Joseph),
Dates associated with a name 1903-1972,
245 10 - TITLE STATEMENT
Title Through the glass of Soviet literature :
Remainder of title views of Russian society /
Statement of responsibility, etc edited with an introd. by Ernest J. Simmons.
260 ## - PUBLICATION, DISTRIBUTION, ETC. (IMPRINT)
Place of publication, distribution, etc Freeport, N.Y.,
Name of publisher, distributor, etc Books for Libraries Press
Date of publication, distribution, etc [1972, c1953]
300 ## - PHYSICAL DESCRIPTION
Pagination 301 p.
Dimensions 24 cm.
490 0# - SERIES STATEMENT
Series statement Essay index reprint series
500 ## - GENERAL NOTE
General note Original ed. issued in series: Studies of the Russian Institute, Columbia University.
504 ## - BIBLIOGRAPHY, ETC. NOTE
Bibliography, etc Includes bibliographical references.
650 #0 - SUBJECT ADDED ENTRY--TOPICAL TERM
Topical term or geographic name as entry element Russian literature
Chronological subdivision 20th century
General subdivision History and criticism.
651 #0 - SUBJECT ADDED ENTRY--GEOGRAPHIC NAME
Geographic name Soviet Union
General subdivision Intellectual life.
830 #0 - SERIES ADDED ENTRY--UNIFORM TITLE
Uniform title Studies of the Russian Institute.
942 ## - ADDED ENTRY ELEMENTS (KOHA)
Source of classification or shelving scheme Dewey Decimal Classification
Koha item type Books
Holdings
Source of classification or shelving scheme Damaged status Not for loan Home library Current library Shelving location Total Checkouts Full call number Barcode Date last seen Copy number Koha item type
Dewey Decimal Classification     JCC Rouf Library JCC Rouf Library General Stacks   891.7/09/0044 SIM 1972 12446 03/12/2018 C - 1 Books

JCC Library | Contacts | JCC Home

Last Update on 23 September 2017
Copyright @ 2017-2020 JCC Rouf Library
Rouf Library, Jhenidah Cadet College (JCC), Bangladesh